Airlines at MRS (Marseille) - Statistics

General Stats
  • This quiz has been taken 92 times
  • The average score is 20 of 39
Answer Stats
Airline % Correct
9 Air France
98%
21 Iberia
90%
24 Lufthansa
87%
14 British Airways
85%
22 KLM
85%
28 Ryanair
84%
31 Swiss
82%
13 Alitalia
79%
2 Aer Lingus
77%
16 EasyJet
76%
32 TAP
73%
36 Turkish Airlines
71%
1 Aegean
68%
29 SAS
66%
3 Aeroflot
65%
27 Royal Air Maroc
60%
39 Vueling
56%
15 Brussels Airlines
52%
35 Tunisair
52%
5 Air Algerie
50%
17 El Al
50%
19 Eurowings
50%
7 Air Canada
47%
11 Air Malta
39%
20 Hop!
35%
26 Pegasus
34%
38 Volotea
34%
12 Air Transat
32%
18 Ethiopian
31%
8 Air Corsica
27%
6 Air Austral
21%
30 SunExpress
19%
34 TUI fly
19%
10 Air Madagascar
16%
37 Twin Jet
13%
4 Agile Azur
10%
25 Nouvelair Tunisie
10%
33 Tassili Airlines
10%
23 Laudamotion
8%
No matching quizzes found
Score Distribution
Percent of People with Each Score
Percentile by Number Answered
Your Score History
You have not taken this quiz